| 000 | 00527nam a22001817a 4500 | ||
|---|---|---|---|
| 008 | 230615b |||||||| |||| 00| 0 eng d | ||
| 040 |
_aNational Science Library _cNational Science Library |
||
| 080 |
_a82-32PRE _bP8.1 |
||
| 100 |
_aPremchand, Munshi _911733 |
||
| 245 | _aमानसरोवर - खंड. 1 | ||
| 246 | _aMansarovar - Vol. 1 | ||
| 260 |
_aNew Delhi: _bRajkamal Paperbacks, _c2008 |
||
| 300 | _a248p. | ||
| 650 | _aLiterature | ||
| 653 | _aFiction | ||
| 653 | _aShort Stories | ||
| 942 |
_2udc _cREF |
||
| 999 |
_c43594 _d43594 |
||